FIFA Street 3 Soundtrack - Statistics

General Stats
  • This quiz has been taken 3 times
  • The average score is 1 of 37
Answer Stats
Artist Song % Correct
Does It Offend You, Yeah? B{attle} {Royale}
100%
M.I.A. B{ird} {Flu}
33%
Sasha & Paul Rogers B{lack} {Powder}
0%
Wax Poetic B{ombeiro}
0%
Bassnectar ft. Ms. Persia B{omb} {The} {Blocks}
0%
Bassnectar ft. Ms. Persia (Ghislain Poirier Mix) B{omb} {The} {Blocks}
0%
Junkie XL ft. Lauren Rocket B{ooming} {Right} {At} {You}
0%
M.I.A. B{oyz}
0%
Hexstatic B{ust}
0%
Underworld C{rocodile}
0%
Underworld (Huntermann Mix) C{rocodile}
0%
The Tigerpicks D{isco} {Punk} {Electro} {Funk}
0%
Innerpartysystem D{on't} {Stop}
0%
Chromeo (DIM Mix) F{ancy} {Footwork}
0%
Chromeo (Zdar Dub, Pee Thug Edit) F{ancy} {Footwork}
0%
The Go! Team G{rip} {Like} {A} {Vice}
0%
MC Amilcka H{umildade} {Da} {Favela}
0%
Datarock (Jean Claude Ades Mix) I {Used} {To} {Dance} {With} {My} {Daddy}
0%
Datarock (Subsource Mix) I {Used} {To} {Dance} {With} {My} {Daddy}
0%
Bassnectar ft. Ms. Persia K{ick} {It} {Complex}
0%
Bassnectar ft. Ms. Persia (Bassnectar Remix) K{ick} {It} {Complex}
0%
Tim Deluxe L{et} {The} {Beats} {Roll}
0%
Tim Deluxe (Rennie Pilgrim Mix) L{et} {The} {Beats} {Roll}
0%
The Planet People ft. Afrika Bambaataa (La Resistance and Deemus Mix) M{ake} {It} {Break}
0%
Hexstatic R{ed} {Laser} {Beam}
0%
Asian Dub Foundation S{top} {Start}
0%
Forro In The Dark (Mawglee Mix) S{uor} {De} {Futbol} {Fina}
0%
Hexstatic T{okyo} {Traffic}
0%
Walter Meego W{anna} {Be} {A} {Star}
0%
Walter Meego (Walter Sees Stars Mix) W{anna} {Be} {A} {Star}
0%
Does It Offend You, Yeah? W{e} {Are} {Rockstars}
0%
Coburn (Jean Claude Ades Mix) W{e {Interrupt} {This} {Programme}
0%
Coburn ft. Solidstate W{e {Interrupt} {This} {Programme}
0%
Buraka Som Sistema ft. Petty Y{ah!}
0%
No Bizzi ft. J2K Y{eah} {Yeah}
0%
Bassnectar ft. Kristinamaria (Speaker Junk's Jackin' Mix) Y{o} {Brazil}
0%
Bassnectar ft. Kristinamaria Y{o} {San} {Francisco}
0%
No matching quizzes found
Score Distribution
Percent of People with Each Score
Percentile by Number Answered
Your Score History
You have not taken this quiz